| 000 | 01909nam a2200229Ia 4500 | ||
|---|---|---|---|
| 003 | Ost | ||
| 005 | 20260507075456.0 | ||
| 008 | 260507s9999||||xx |||||||||||||| ||und|| | ||
| 040 | _cfsecg | ||
| 041 | _aara | ||
| 082 | _a342.068 | ||
| 100 |
_aالشتيوى، سعد _eمؤلف |
||
| 245 | 0 |
_aالتحقيق الادارى في نطاق الوظيفة العامة / _c سعد الشتيوى |
|
| 260 |
_aالاسكندرية: _bدار الفكر الجامعي, _c2008 |
||
| 300 |
_a186 صفحة؛ _c24 سم |
||
| 504 | _aبيبليوغرافيا ص.150 | ||
| 520 | _aيتكون هذا الكتاب من المباحث التالية : المبحث الأول:الإحالة إلى التحقيق ، السلطة المختصة بالاحالة على التحقيق ، السلطة المختصة بالاحالة على التحقيق في فرنسا، السلطة المختصة بالاحالة على التحقيق في مصر ، السلطة المختصة بالاحالة على التحقيق في الكويت ، القيود الواردة على سلطة الاحالة على التحقيق ، موافقة الجهات الرئاسية ، موافقة الجهات النقابية المبحث الثاني:مباشرة التحقيق ، مباشرة التحقيق بواسطة الجهات الادارية ، مباشرة التحقيق بواسطة النيابة الادارية المبحث الثالث:مقومات التحقيق ، استفتاء الشكل الكتابي للتحقيق ، الصلاحية المهنية للمحقق ، حيدة المحقق المبحث الرابع:ضمانة التحقيق، القيمة الدستورية لحق الدفاع ، مقتضيات الدفاع ، حدود ضمان الدفاع | ||
| 653 | _aالموظفون-تأديب | ||
| 653 | _aتحقيق ادارى | ||
| 653 | _aوظيفة عامة | ||
| 942 | _cكتاب | ||
| 999 |
_c44666 _d44666 |
||